header

The Cyprus referendum (Record no. 104693)

MARC details
000 -LEADER
fixed length control field 01638nam a2200361Ia 4500
100 1# - MAIN ENTRY--AUTHOR NAME
Personal name Pericleous, Chrysostomos.
245 14 - TITLE STATEMENT
Title The Cyprus referendum
260 ## - PUBLICATION, DISTRIBUTION, ETC. (IMPRINT)
Place of publication London ;
-- New York :
Name of publisher I.B. Tauris ;
Place of publication New York :
Name of publisher Distributed in the United States and Canada exclusively by Palgrave Macmillan,
Year of publication 2009.
300 ## - PHYSICAL DESCRIPTION
Number of Pages xviii, 430 p. :
Other physical details maps.
490 1# - SERIES STATEMENT
Series statement International library of twentieth century history ;
650 #0 - SUBJECT ADDED ENTRY--TOPICAL TERM
Topical Term Referendum
Topical Term Representative government and representation
Topical Term Turks
856 40 - ELECTRONIC LOCATION AND ACCESS
Uniform Resource Identifier http://site.ebrary.com/lib/rucke/Doc?id=10359172

No items available.

© 2026 Rongo University
Contact us: librarian | system librarian | Rongo university